| 000 | 00372nam a2200145Ia 4500 | ||
|---|---|---|---|
| 008 | 210210b1976 xxu||||| |||| 00| 0 eng d | ||
| 020 | _a0 521 09948 X | ||
| 082 | _a956 SAVI | ||
| 100 | _aSAVORY (R M). | ||
| 245 | _aIntroduction to islamic civilisation. | ||
| 260 |
_aCambridge. _bNot Mentioned _c1976 |
||
| 300 | _aviii,204 | ||
| 690 | _aAsian History | ||
| 906 | _a032684 | ||
| 999 |
_c83726 _d83726 |
||